LEADER 01142nam a2200241 i 4500 001 000000235338 003 CaOOAMICUS 005 20181016122934.0 008 141104s1788 it u000 u ita u 013 $a214241 026 $ai-to seio elci ergr (3) 1788 (R) 040 $aSeMil$bita 245 10$aLettera pastorale di monsignor vescovo di Pistoja e Prato in occasione di un libello intitolato Annotazioni pacifiche ec. 260 $fIn italia e trovasi in Genova presso il Repetto,$g1788 300 $a62, [2] p. ;$c8°. 500 $aNome dell'A. a c. a2r. - Segn. : A-D8. - Legato con 3C-I-67 FA. 700 1 $aDe' Ricci, Scipione,$c.$0(OLS)http://semarc/name/21420 700 1 $aRepetto, Felice,$c.$0(OLS)http://semarc/name/80491 850 $aSeMil 852 $aSeMil$W1$xVenegono$y1$m3C I 70 FA$j185684$B185684$CSeMilBibl$Z2$F196583 $8I 996 $6245$aLettera pastorale di monsignor vescovo di Pistoja e Prato in occasione di un libello intitolato Annotazioni pacifiche ec$9(OLS)http://semarc/title/335584 996 $6260$a[S.l.] :$b[s.n.]$9(OLS)http://semarc/publisher/0 LEADER 01368nam a2200289 i 4500 001 000000071052 003 CaOOAMICUS 005 20040409000000.0 008 040409s1998 it u000 u ita u 013 $a42224 040 $aSeMil$bita 245 14$aGli inglesi e l'Italia /$ca cura di Agostino Lombardo. 260 $aMilano :$bLibri Scheiwiller,$c1998. 260 $a[Italia] :$bBanco Ambrosiano Veneto,$c1998. 300 $a284 p. :$briccamente ill. ;$c29 cm. 490 0 $aPresenze straniere nella vita e nella storia d'Italia ;$v6 500 $aContiene : Fonti iconografiche. - In custodia. 650 4$aItalia e Inghilterra - Relazioni culturali - Sec. 18.-20.$0(OLS)http://semarc/subject/14193 650 4$aInghilterra - Cultura - Sec. 18.-20.$0(OLS)http://semarc/subject/14194 700 1 $aLombardo, Agostino,$d<1927-2005>.$0(OLS)http://semarc/name/70877 830 0$aPresenze straniere nella vita e nella storia d'Italia ;$v6.$0(OLS)http://semarc/title/443 850 $aSeMil 852 $aSeMil$W1$xVenegono$y1$m5I XII 57$j37205$B37205$CSeMilBibl$Z2$F37208 $81 961 $aOmaggio: Donazione 996 $6245$aGli inglesi e l'Italia$9(OLS)http://semarc/title/114204 996 $6260$a[Italia] :$bBanco Ambrosiano Veneto$9(OLS)http://semarc/publisher/29790 996 $6260$aMilano :$bLibri Scheiwiller$9(OLS)http://semarc/publisher/29791